000
00281nam a2200109Ia 4500
008
200302s9999 xx 000 0 und d
100
_a
Gordon Cullen
245
_a
The Concise Townscape
260
_b
Architectural Press in an Imprint of Elsevier
260
_c
2009
300
_a
199 P.,
999
_c
5771
_d
5771